| 000 | 01410cab a2200217 4500 | ||
|---|---|---|---|
| 001 | L129506 | ||
| 008 | 050426n2005 000 0 eng u | ||
| 035 | _a(Sirsi) u129506 | ||
| 041 | _aeng | ||
| 100 | _aRobinson, Stephen | ||
| 245 | 4 | _aThe Mayor's plan - is it working for London? | |
| 260 | _c2005 | ||
| 490 |
_aLondon Briefing _vApril 2005, 14-15(2) |
||
| 520 | _aReports on the progress on the London Plan approved in February 2004 and its influence on the London economy. The London Plan is the first new style regional spatial strategy, addressing economic, social and environmental issues in the city. Monitors progress on the local development frameworks, the sub-regional development frameworks, supplementary planning guidance provision. Focuses on: brownfield development; affordable housing targets; the state of the economy and; infrastructure. RICS London Policy Group is keeping a close watch on these strategic developments and points out their implications for London surveyors. | ||
| 590 | _aIKA290405 | ||
| 650 | _aLONDON PLAN | ||
| 650 |
_aAffordable housing _96215 |
||
| 690 | _aENVIRONMENTAL AND LAND CONSULTANCY-PLANNING AND DEVELOPMENT-PLANNING GUIDANCE-LOCAL DEVELOPMENT PLANS | ||
| 856 |
_uhttps://www.london.gov.uk/mayor/strategies/sds/monitoring_reports.jsp _zView London Plan annual monitoring report 1 January 2005 free of charge at www.london.gov.uk... |
||
| 942 | _n0 | ||
| 999 |
_c75134 _d75134 |
||